Modeling and Adapting Aggregation Functions for Data Classification Using Computational Intelligence dizertačná práca

Gespeichert in:
Bibliographische Detailangaben
1. Verfasser: Mináriková, Erika, 1996-
Körperschaft: Fakulta hospodárskej informatiky EU. Katedra aplikovanej informatiky
Weitere Verfasser: Hudec, Miroslav, 1969-
Format: Buch
Sprache:Slowakisch
Veröffentlicht: Bratislava 2024
Schlagworte:
Tags: Tag hinzufügen
Keine Tags, Fügen Sie das erste Tag hinzu!

MARC

LEADER 00000nbm a2200000 4500
001 0304102
005 20250107143838.8
041 0 |a slo 
044 |a SK 
245 1 0 |a Modeling and Adapting Aggregation Functions for Data Classification Using Computational Intelligence  |b dizertačná práca  |c Erika Mináriková ; školiteľ: Miroslav Hudec 
264 1 |a Bratislava  |c 2024 
300 |a 135 s. 
610 2 0 |a modelovanie 
610 2 0 |a inteligencia umelá 
610 2 0 |a klasifikácia 
610 2 0 |a dáta 
610 2 0 |a funkcie matematické 
610 2 0 |a analýza empirická 
100 1 |a Mináriková, Erika, 1996- 
700 1 |a Hudec, Miroslav, 1969- 
710 2 |a Fakulta hospodárskej informatiky EU. Katedra aplikovanej informatiky